| 000 -LEADER |
| fixed length control field |
01331nam a22002297a 4500 |
| 003 - CONTROL NUMBER IDENTIFIER |
| control field |
AR-BaISA |
| 005 - DATE AND TIME OF LATEST TRANSACTION |
| control field |
20231027160122.0 |
| 007 - PHYSICAL DESCRIPTION FIXED FIELD--GENERAL INFORMATION |
| fixed length control field |
ta |
| 008 - FIXED-LENGTH DATA ELEMENTS--GENERAL INFORMATION |
| fixed length control field |
231027s1988 sz ad||| |||| 000 0 spa d |
| 020 ## - INTERNATIONAL STANDARD BOOK NUMBER |
| International Standard Book Number |
9243542109 |
| 040 ## - CATALOGING SOURCE |
| Language of cataloging |
spa |
| Transcribing agency |
AR-BaISA |
| 082 04 - DEWEY DECIMAL CLASSIFICATION NUMBER |
| Edition number |
22 |
| Classification number |
613 P287 |
| 245 10 - TITLE STATEMENT |
| Title |
Pautas para capacitar a los agentes de salud comunitarios en nutrición |
| 250 ## - EDITION STATEMENT |
| Edition statement |
2ª ed. |
| 260 ## - PUBLICATION, DISTRIBUTION, ETC. |
| Place of publication, distribution, etc. |
Ginebra: |
| Name of publisher, distributor, etc. |
Organización Mundial de la Salud (OMS), |
| Date of publication, distribution, etc. |
1988 |
| 300 ## - PHYSICAL DESCRIPTION |
| Extent |
VIII, 121 p.: |
| Other physical details |
il., gráfs., tablas |
| 505 ## - FORMATTED CONTENTS NOTE |
| Title |
Enseñanza para un mejor aprendizaje -- |
| -- |
Algunos datos fundamentales sobre los alimentos -- |
| -- |
Conocimiento de la comunidad y de sus necesidades -- |
| -- |
Medición y vigilancia del crecimiento y la nutrición del niño -- |
| -- |
Fomento de la lactancia natural -- |
| -- |
Consejos sobre la alimentación de lactantes y niños de corta edad -- |
| -- |
Atención nutricional de la madre -- |
| -- |
Identificación, tratamiento y prevención de las carencias nutricionales más frecuentes -- |
| -- |
Atención nutricional durante la diarrea y otras infecciones frecuentes -- |
| -- |
Transmisión a la comunidad de mensajes sobre nutrición -- |
| -- |
Solución de los problemas nutricionales de la comunidad |
| 650 10 - SUBJECT ADDED ENTRY--TOPICAL TERM |
| 9 (RLIN) |
2196 |
| Topical term or geographic name entry element |
Salud comunitaria |
| 650 10 - SUBJECT ADDED ENTRY--TOPICAL TERM |
| 9 (RLIN) |
676 |
| Topical term or geographic name entry element |
Educación alimentaria y nutricional |
| 650 10 - SUBJECT ADDED ENTRY--TOPICAL TERM |
| 9 (RLIN) |
849 |
| Topical term or geographic name entry element |
Educación en salud |
| 942 ## - ADDED ENTRY ELEMENTS (KOHA) |
| Source of classification or shelving scheme |
|
| Koha item type |
Libros |
| Edition |
22 |